| Поле | Инд. | ПП | Название | Значение |
|---|---|---|---|---|
| Тип записи | a | |||
| Библиографический уровень | m | |||
| 001 | Контрольный номер | 56dee469-b18f-493c-b089-e183a9f281ec | ||
| 005 | Дата корректировки | 20230314160854.6 | ||
| 008 | Кодируемые данные | 20010201s?a aznnnabbn zn aan | ||
| 020 | a | ISBN | 5-212-00572-8 (в пер.) | |
| 040 | a | Служба первич. каталог. | RU-RKP | |
| 040 | a | Служба первич. каталог. | НБ ТвГУ | |
| 041 | 0_ | a | Код языка текста | rus |
| 080 | a | Индекс УДК | [281.93 | |
| a | Индекс УДК | 726.5](47+57)(091) | ||
| 084 | a | Индекс другой классификации/Индекс ББК | Э372.24-3-6 | |
| 090 | x | Авторский знак | М91 | |
| a | Полочн. индекс | Э372.2 | ||
| 100 | 1_ | a | Автор | Муравьев Андрей Николаевич |
| 245 | 10 | a | Заглавие | Путешествие по святым местам русским |
| b | Продолж. заглавия | в 2 ч. | ||
| c | Ответственность | А. Н. Муравьев ; [послесл. В. С. Корды] | ||
| 250 | a | Основные сведения об издании | Репринт. воспроизведение изд. 1846 г. | |
| 260 | 0_ | a | Место издания | Москва |
| b | Издательство | Книга | ||
| b | Издательство | Внешиберика | ||
| c | Дата издания | 1990 | ||
| 300 | a | Объем | 384, [4] с. | |
| c | Размеры | 21 см | ||
| 500 | a | Примечание | Вых. дан. ориг.: СПб. : В тип. III Отд. собств. Е. И. В. Канцелярии. | |
| 650 | 04 | a | Основная рубрика | Православная |
| x | Основная подрубрика | История | ||
| z | Географическая подрубрика | Россия | ||
| 650 | 04 | a | Основная рубрика | Святые места |
| x | Основная подрубрика | Россия | ||
| 653 | 0_ | a | Ключевые слова | Православие |
| 700 | 1_ | a | Другие авторы | Корда В. С. |
| e | Роль лиц | авт. вступ. ст. | ||
| 852 | 41 | i | Расстановочный признак | Проверка 2023 |
| 920 | a | Оператор | Семен | |
| 952 | c | Вид литературы | К рн | |
| 954 | e | Дата перешифровки | 20230314 |